[Event "Avoine op 16th"]
[Site "Avoine"]
[Date "2001.??.??"]
[Round "6"]
[White "Coupe, Nicolas"]
[Black "Maleki, Manuel"]
[Result "1-0"]
[WhiteElo "1860"]
[BlackElo "2125"]
[PlyCount "74"]
[EventDate "2001.07.??"]
[EventType "swiss"]
[EventRounds "7"]
[EventCountry "FRA"]
[SourceTitle "EXT 2003"]
[Source "ChessBase"]
[SourceDate "2002.11.25"]
[SourceVersion "1"]
[SourceVersionDate "2002.11.25"]
[SourceQuality "1"]

1. d4 g6 2. c4 f5 3. Nc3 Nf6 4. g3 Bg7 5. Bg2 0-0 6. Nf3 d6 7. 0-0 Na6 8. Bg5 c5 9. d5 Rb8 10. Rc1 Bd7 11. Re1 b5 12. cxb5 Bxb5 13. b3 h6 14. Bxf6 exf6 15. Nd2 Nc7 16. Nc4 Ba6 17. Na5 Bb7 18. Qd2 Qd7 19. Rcd1 Kh8 20. Nc6 Rbe8 21. Nxa7 Bxd5 22. Nxd5 Nxd5 23. Bxd5 Qxa7 24. a4 Re7 25. Qd3 Qa5 26. Rd2 Rb8 27. Red1 Bf8 28. Bc4 Re5 29. f4 Re4 30. Qd5 Bg7 31. Qxd6 Rf8 32. Rd5 Rc8 33. Qd7 Rb8 34. Qc6 Qc3 35. R5d3 Qc2 36. Rc3 Qxc3 37. Qxc5 Rbe8 1-0